Why people don't trust government / (Record no. 6029)
[ view plain ]
| 000 -LEADER | |
|---|---|
| fixed length control field | 01090cam a2200289 a 4500 |
| 005 - DATE AND TIME OF LATEST TRANSACTION | |
| control field | 20260205122049.0 |
| 008 - FIXED-LENGTH DATA ELEMENTS--GENERAL INFORMATION | |
| fixed length control field | 970501s1997 maua b 001 0 eng |
| 020 ## - INTERNATIONAL STANDARD BOOK NUMBER | |
| International Standard Book Number | 0674940571 |
| 020 ## - INTERNATIONAL STANDARD BOOK NUMBER | |
| International Standard Book Number | 9780674940567 |
| 020 ## - INTERNATIONAL STANDARD BOOK NUMBER | |
| International Standard Book Number | 9780674940574 |
| 040 ## - CATALOGING SOURCE | |
| Original cataloging agency | KABLIB |
| Transcribing agency | KABLIB |
| Description conventions | rda |
| 082 00 - DEWEY DECIMAL CLASSIFICATION NUMBER | |
| Classification number | 306.2 |
| Edition number | 23 |
| Item number | WHY |
| 245 00 - TITLE STATEMENT | |
| Title | Why people don't trust government / |
| Statement of responsibility, etc. | edited by Joseph S. Nye, Jr., Philip D. Zelikow, David C. King. |
| 260 ## - PUBLICATION, DISTRIBUTION, ETC. | |
| Place of publication, distribution, etc. | Cambridge, Mass. : |
| Name of publisher, distributor, etc. | Harvard University Press, |
| Date of publication, distribution, etc. | c1997. |
| 300 ## - PHYSICAL DESCRIPTION | |
| Extent | vii, 337 p. : |
| Other physical details | ill. ; |
| Dimensions | 23 cm. |
| 504 ## - BIBLIOGRAPHY, ETC. NOTE | |
| Bibliography, etc. note | Includes bibliographical references index. |
| 650 #0 - SUBJECT ADDED ENTRY--TOPICAL TERM | |
| Topical term or geographic name entry element | Political alienation |
| Geographic subdivision | United States. |
| 9 (RLIN) | 15240 |
| 650 #0 - SUBJECT ADDED ENTRY--TOPICAL TERM | |
| Topical term or geographic name entry element | Political culture |
| Geographic subdivision | United States. |
| 9 (RLIN) | 15241 |
| 650 #0 - SUBJECT ADDED ENTRY--TOPICAL TERM | |
| Topical term or geographic name entry element | Public opinion |
| Geographic subdivision | United States. |
| 9 (RLIN) | 15242 |
| 650 #0 - SUBJECT ADDED ENTRY--TOPICAL TERM | |
| Topical term or geographic name entry element | Allegiance |
| Geographic subdivision | United States. |
| 9 (RLIN) | 15243 |
| 700 1# - ADDED ENTRY--PERSONAL NAME | |
| Personal name | Nye, Joseph S. |
| 9 (RLIN) | 15244 |
| 700 1# - ADDED ENTRY--PERSONAL NAME | |
| Personal name | Zelikow, Philip, |
| Dates associated with a name | 1954- |
| 9 (RLIN) | 15245 |
| 700 1# - ADDED ENTRY--PERSONAL NAME | |
| Personal name | King, David C., |
| Dates associated with a name | 1963- |
| 9 (RLIN) | 15246 |
| 906 ## - LOCAL DATA ELEMENT F, LDF (RLIN) | |
| a | 7 |
| b | cbc |
| c | orignew |
| d | 1 |
| e | ocip |
| f | 19 |
| g | y-gencatlg |
| 942 ## - ADDED ENTRY ELEMENTS (KOHA) | |
| Source of classification or shelving scheme | Dewey Decimal Classification |
| Koha item type | Book |
| Withdrawn status | Lost status | Source of classification or shelving scheme | Damaged status | Not for loan | Home library | Current library | Shelving location | Date acquired | Source of acquisition | Total Checkouts | Full call number | Barcode | Date last seen | Price effective from | Koha item type |
|---|---|---|---|---|---|---|---|---|---|---|---|---|---|---|---|
| Dewey Decimal Classification | Mukombe Library | Mukombe Library | Open Access Section | 05.02.2026 | Donation | 306.2 WHY | 14545 | 05.02.2026 | 05.02.2026 | Book |